000 00777nam a22002177a 4500
003 dpl
005 20231109162923.0
008 231109b |||||||| |||| 00| 0 eng d
020 _a9789357370912
_c1800.00
028 _aIBRO PUBLICATION
035 _aB-755912-913
040 _c0
050 _a305.4
100 _4Naik, D. Rama
245 _aProud to Be a Banjara /
_cD. Rama Naik
260 _aKarnatak
_bIBRO
_c2023
270 _a200, 14th B Cross, 5th Main, 6th Sector, HSR Layout,
_b Bengaluru
_e560102
300 _a266p.
_c23cm(hb)
942 _2ddc
_cEN
_h305.4
_mNAI
999 _c199052
_d199052